00742nam a2200241Ia 450000100060000000300090000600800410001504000130005604000130006904100120008210000210009410000290011524500460014424500590019025000110024926000100026026000270027026000490029730000590034650000480040565000160045365000310046960735IT-RoPAU130308s9999 xx 000 0 und d aIT-RoPAU cIT-RoPAU aINGLESE aVersteegh C.H.M. gCodice Aut. SPICS: 21888 aArab grammatical Studies Before Sibawayhi bMateriaux pour una Histoire des Theories Linguistiques a1a ed. aLILLE bPresses Universitaires c1984 [1° Ed.:1984 - Ed.Ling.Originale:1984] a"12 p. (prefazione: no ; testo: 12 [pagine: 227-238])" aStudi Grammaticali Arabi Prima di Sibawayhi aLINGUISTICA eCodice materia Spics: 3201